La Administración de justicia digitalizada (Registro nro. 161611)

Detalles MARC
000 -LEADER
fixed length control field 01308nam a22002897a 4500
007 - PHYSICAL DESCRIPTION FIXED FIELD--GENERAL INFORMATION
fixed length control field cr |||||||||||
008 - FIXED-LENGTH DATA ELEMENTS--GENERAL INFORMATION
fixed length control field 120611s2008 spc|||| |||||||| ||spa
017 ## -
-- DL B. 33235-2008
-- Biblioteca de Catalunya
020 ## - INTERNATIONAL STANDARD BOOK NUMBER
International Standard Book Number 9788496283657
035 ## -
-- 6524
040 ## - CATALOGING SOURCE
Original cataloging agency ES-BaBC
Language of cataloging cat
Transcribing agency ES-BaBC
Modifying agency vLex
080 ## -
-- 351:681.3
090 ## -
-- 3204
-- 3204
100 1# - MAIN ENTRY--PERSONAL NAME
Personal name Gudín Rodríguez-Magariños, Faustino
245 13 - TITLE STATEMENT
Title La Administración de justicia digitalizada
Medium [Recurso electrónico] :
Remainder of title una necesidad inaplazable /
Statement of responsibility, etc autor: Faustino Gudín Rodríguez-Magariños
256 ## -
-- Servicio en línea
260 ## - PUBLICATION, DISTRIBUTION, ETC. (IMPRINT)
Place of publication, distribution, etc Barcelona :
Name of publisher, distributor, etc Experiencia,
Date of publication, distribution, etc 2008
300 ## - PHYSICAL DESCRIPTION
Extent 1 recurso electrónico (206 p.)
504 ## - BIBLIOGRAPHY, ETC. NOTE
Bibliography, etc Bibliografia
506 1# - RESTRICTIONS ON ACCESS NOTE
Terms governing access Contenido solo disponible en los productos indicados
Authorized users vLex Global
-- vLex Global (Academic Edition, excluding Law Schools)
-- vLex Global (U.S. Academic Edition, Law Schools)
-- vLex Global (U.S. Academic Edition, excluding Law Schools)
-- vLex Global (Academic Edition, Law Schools)
650 #7 - SUBJECT ADDED ENTRY--TOPICAL TERM
Topical term or geographic name as entry element Administración electrónica
Geographic subdivision España
650 #7 - SUBJECT ADDED ENTRY--TOPICAL TERM
Topical term or geographic name as entry element Justicia
General subdivision Administración
Geographic subdivision España
740 0# -
-- vLex Libros (servicio en línea)
856 40 - LOCALIZACIÓN Y ACCESO ELECTRÓNICO
Identificador Uniforme del Recurso (URI/URL) https://app.vlex.com/#/sources/administracion-justicia-digitalizada-6524
942 ## -
-- RAA
999 ## -
-- 161611
-- 161611

No hay ítems disponibles.


CONTACTO


NOSOTROS


SITIOS DE INTERES

coordinacion.biblioteca.biblioteca@unienlinea.mx Misión, Visión y Objetivos Bases de datos
Directorio Bibliotecas Digitales y Repositorios
Normatividad Revistas y artículos
Convenios interbibliotecarios
Boletines



Hecho en México. Universidad Insurgentes (UIN). Todos los derechos reservados 2024. Esta página y sus contenidos pueden ser reproducidos con fines no lucrativos, siempre y cuando no se mutile, se cite la fuente completa y su dirección electrónicas. De otra forma requiere permiso previo por escrito de la institución




2024 Copyright Universidad Insurgentes | www.bibliouin.com.mx